000 003420000a22001570004500
003 MACL
040 _aMACL
090 _c4814
_d4813
100 _aSarkar, Susobhan
245 _aBengal Renaissance and Other Essays
260 _bPeople Publishing House
_c1981
350 _a40
650 _aEssays
942 _cBOOK
_k824
951 _o824 BOOK
999 _c4776
_d4776